[Event "EIRCC 2019"]
[Site "Tallinn"]
[Date "2019.12.06"]
[Round "12.7"]
[White "Esipenko, Andrey"]
[Black "Nguyen, Thai Dai Van"]
[Result "1-0"]
[WhiteElo "2590"]
[BlackElo "2364"]
[Annotator "ChessBase"]
[PlyCount "101"]
[EventDate "2019.12.05"]
[EventType "swiss"]
[EventCountry "EST"]
[SourceTitle "playchess.com"]
[Source "ChessBase"]
[SourceQuality "1"]
[TimeControl "900+10"]

1. d4 {[%emt 0:00:00]} Nf6 {[%emt 0:00:00]} 2. c4 {[%emt 0:00:00]} e6 {[%emt 0:00:00]} 3. Nf3 {[%emt 0:00:00]} d5 {[%emt 0:00:00]} 4. g3 {[%emt 0:00:00]} Be7 {[%emt 0:00:05]} 5. Bg2 {[%emt 0:00:00]} O-O {[%emt 0:00:02]} 6. O-O {[%emt 0:00:00]} dxc4 {[%emt 0:00:02]} 7. Qc2 {[%emt 0:00:01]} b5 {[%emt 0:00:18]} 8. a4 {[%emt 0:00:04]} b4 {[%emt 0:00:02]} 9. Nfd2 {[%emt 0:00:02]} Nd5 {[%emt 0:00:01]} 10. Nxc4 {[%emt 0:00:30]} c5 {[%emt 0:00:02]} 11. dxc5 {[%emt 0:00:32]} Ba6 {[%emt 0:00:03]} 12. e4 {[%emt 0:02:05]} Nf6 {[%emt 0:00:47]} 13. Rd1 {[%emt 0:01:20]} Nbd7 {[%emt 0:08:38]} 14. b3 {[%emt 0:06:14]} Bxc5 {[%emt 0:00:53]} 15. Be3 {[%emt 0:01:49]} Bxc4 {[%emt 0:00:33]} 16. Qxc4 {[%emt 0:00:45]} Bxe3 {[%emt 0:00:06]} 17. fxe3 {[%emt 0:00:02]} Qb6 {[%emt 0:00:29]} 18. Qd4 {[%emt 0:00:12]} Nc5 {[%emt 0:02:45]} 19. a5 {[%emt 0:00:01]} Qc7 {[%emt 0:00:01]} 20. Qxb4 {[%emt 0:00:44]} Rab8 {[%emt 0:00:05]} 21. Qc4 {[%emt 0:00:02]} Qe5 {[%emt 0:00:18]} 22. Nd2 {[%emt 0:00:49]} Qg5 {[%emt 0:01:29]} 23. Re1 {[%emt 0:00:09]} Ncd7 {[%emt 0:00:34]} 24. Qd4 {[%emt 0:01:05]} a6 {[%emt 0:00:25]} 25. Nf3 {[%emt 0:00:01]} Qb5 {[%emt 0:00:02]} 26. Bf1 {[%emt 0:01:18]} Qb7 {[%emt 0:00:17]} 27. Rad1 {[%emt 0:00:04]} e5 {[%emt 0:01:11]} 28. Nxe5 {[%emt 0:00:18]} Nxe5 {[%emt 0:00:01]} 29. Qxe5 {[%emt 0:00:02]} Rfe8 {[%emt 0:00:01]} 30. Qd6 {[%emt 0:00:20]} Nxe4 {[%emt 0:00:17]} 31. Qxa6 {[%emt 0:00:05]} Qxb3 {[%emt 0:00:06]} 32. Qc4 {[%emt 0:00:36]} Qa3 {[%emt 0:00:27]} 33. a6 {[%emt 0:00:09]} Ng5 {[%emt 0:00:09]} 34. Bg2 {[%emt 0:00:01]} Qe7 {[%emt 0:00:15]} 35. Qd4 {[%emt 0:00:16]} Ne6 {[%emt 0:00:06]} 36. Qd7 {[%emt 0:00:05]} Nc5 {[%emt 0:00:12]} 37. Qxe7 {[%emt 0:00:35]} Rxe7 {[%emt 0:00:01]} 38. Rd6 {[%emt 0:00:02]} Ra7 {[%emt 0:00:20]} 39. Bf1 {[%emt 0:00:02]} g6 {[%emt 0:00:06]} 40. Rc1 {[%emt 0:00:14]} Ne4 {[%emt 0:00:09]} 41. Rdc6 {[%emt 0:00:13]} Rba8 {[%emt 0:00:18]} 42. Bg2 {[%emt 0:00:32]} f5 {[%emt 0:00:06]} 43. Bxe4 {[%emt 0:00:07]} fxe4 {[%emt 0:00:01]} 44. Rc8+ {[%emt 0:00:05]} Rxc8 {[%emt 0:00:01]} 45. Rxc8+ {[%emt 0:00:02]} Kg7 {[%emt 0:00:24]} 46. Rc6 {[%emt 0:00:02]} Kh6 {[%emt 0:00:01]} 47. Kg2 {[%emt 0:00:08]} Kg5 {[%emt 0:00:02]} 48. Rc5+ {[%emt 0:00:06]} Kf6 {[%emt 0:00:05]} 49. Ra5 {[%emt 0:00:01]} Ke6 {[%emt 0:00:16]} 50. g4 {[%emt 0:00:15]} g5 {[%emt 0:00:18]} 51. h4 {[%emt 0:00:18] Kd5} 1-0

[Event "EIRCC 2019"]
[Site "Tallinn"]
[Date "2019.12.06"]
[Round "12.8"]
[White "Pohjala, Henri"]
[Black "Postny, Evgeny"]
[Result "0-1"]
[WhiteElo "2418"]
[BlackElo "2598"]
[Annotator "TA"]
[PlyCount "112"]
[EventDate "2019.12.05"]
[EventType "swiss"]
[EventCountry "EST"]
[SourceTitle "playchess.com"]
[Source "ChessBase"]
[SourceQuality "1"]

{[%evp 17,166,13,13,8,21,18,20,3,3,0,0,0,0,11,12,6,4,0,0,-6,4,0,0,2,3,0,4,0,8,0,0,0,-20,-5,0,0,0,0,0,0,0,0,0,0,0,0,0,0,0,0,0,0,0,0,0,0,0,0,0,0,0,0,0,0,0,0,0,0,0,-42,-3,-52,-58,-60,-7,-18,0,0,0,-94,-94,-94,-94,-94,-94,-94,-87,-94,-94,-94,-94,-94,-94,-94,-94,-94,-89,-94,-74,-94,-94,-95,-103,-270,-270,-270,-255,-255,-255,-1089,-959,-1014,-645,-931,-911,-605,-584,-1667,-1945,-2250,-2158,-2158,-1948,-1651,-1231,-1293,-1153,-29963,-5616,-29977,-29978,-29978,-29979,-29979,-29980,-29980,-29981,-29981,-29982,-29982,-29983,-29982,-29980,-29980,-29981,-29981,-29982,-29980,-29981,-29980,-29980]} 1. d4 d5 2. Nf3 Nf6 3. g3 Bf5 4. Bg2 e6 5. O-O Nbd7 6. b3 Bd6 7. c4 c6 8. Bb2 O-O 9. Nc3 h6 10. Nd2 {D11: Slav Defence: 3 Nf3 sidelines and 3...Nf6 4 e3 Bg4} (10. e3 Qe7 11. Qe2 Rfe8 12. Rfd1 Bg4 13. h3 Bh5 14. e4 dxe4 15. Nxe4 Nxe4 16. Qxe4 Nf6 17. Qe3 Bxf3 18. Bxf3 Ba3 19. Bc3 Bb4 20. Bb2 Ba3 21. Bc3 Bb4 22. Bb2 Ba3 {½-½ (22) Gagunashvili,M (2603)-Inarkiev,E (2679) Konya 2011}) 10... Qe7 11. e4 dxe4 12. Ndxe4 {The position is equal.} Nxe4 13. Bxe4 $146 ({Predecessor:} 13. Nxe4 Ba3 14. Bc3 Bxe4 15. Bxe4 Nf6 16. Bg2 Bb4 17. Qd2 a5 {0-1 (40) Heimberger,R (2262)-Wallner,J (2316) Austria 2017}) 13... Bh3 14. Bg2 Bxg2 15. Kxg2 Nf6 16. Qf3 Ba3 17. Bxa3 Qxa3 18. Rad1 Rad8 19. Rd3 Rd7 20. Rfd1 Rfd8 21. R1d2 Qa5 22. Rd1 Qa6 23. a4 Qa5 24. Ne4 Nxe4 25. Qxe4 Qb4 26. Qf3 Qd6 27. Qe4 a5 28. Qe1 Qc7 29. Qe4 Rd6 30. Qe5 R8d7 31. Kg1 Qd8 32. Kg2 b6 33. Qe4 Qf6 34. Kg1 Qg5 35. Kg2 Rd8 36. Kg1 Qe7 37. Kg2 Qd7 38. Kg1 b5 39. axb5 cxb5 40. d5 bxc4 41. bxc4 Qb7 42. Qe3 a4 43. Ra3 Qb4 44. Rc1 exd5 45. c5 d4 (45... Ra6 $15) 46. Qd3 $1 $11 Rc6 47. Rc4 $1 {[%cal Rc4b4]} Qb5 48. Raxa4 (48. Rxd4 $11 {remains equal.} Qxd3 49. Raxd3) 48... Rxc5 $17 49. Rab4 Qc6 50. Rxc5 Qxc5 {[%mdl 4096] Endgame KQR-KQR} 51. Rb1 Qd5 52. Rd1 h5 53. h4 g6 54. Kh2 Rd6 55. Kg1 Kg7 56. Kh2 Rd7 {Played: Qd5-e5} 0-1

[Event "EIRCC 2019"]
[Site "Tallinn"]
[Date "2019.12.06"]
[Round "12.9"]
[White "Aleksandrov, Aleksej"]
[Black "Seeman, Tarvo"]
[Result "1-0"]
[WhiteElo "2576"]
[BlackElo "2325"]
[Annotator "ChessBase"]
[PlyCount "69"]
[EventDate "2019.12.05"]
[EventType "swiss"]
[EventCountry "EST"]
[SourceTitle "playchess.com"]
[Source "ChessBase"]
[SourceQuality "1"]
[TimeControl "900+10"]

1. d4 {[%emt 0:00:36]} Nf6 {[%emt 0:00:00]} 2. c4 {[%emt 0:00:00]} g6 {[%emt 0:00:00]} 3. Nc3 {[%emt 0:00:01]} Bg7 {[%emt 0:00:00]} 4. e4 {[%emt 0:00:01]} d6 {[%emt 0:00:00]} 5. h3 {[%emt 0:00:01]} O-O {[%emt 0:00:23]} 6. Be3 {[%emt 0:00:02]} Na6 {[%emt 0:00:45]} 7. Nf3 {[%emt 0:00:21]} e5 {[%emt 0:00:28]} 8. d5 {[%emt 0:00:02]} Nh5 {[%emt 0:01:48]} 9. a3 {[%emt 0:03:24]} c5 {[%emt 0:03:29]} 10. g3 {[%emt 0:01:49]} Qe7 {[%emt 0:02:29]} 11. Nd2 {[%emt 0:00:59]} Bd7 {[%emt 0:01:27]} 12. Be2 {[%emt 0:00:11]} Nf6 {[%emt 0:00:28]} 13. g4 {[%emt 0:00:02]} Rab8 {[%emt 0:01:37]} 14. h4 {[%emt 0:00:40]} Ne8 {[%emt 0:00:38]} 15. h5 {[%emt 0:01:04]} Bf6 {[%emt 0:00:13]} 16. Nf1 {[%emt 0:02:03]} Bg5 {[%emt 0:00:03]} 17. Qd2 {[%emt 0:00:01]} Bxe3 {[%emt 0:01:01]} 18. Qxe3 {[%emt 0:00:02]} Qf6 {[%emt 0:00:29]} 19. Qh6 {[%emt 0:01:42]} g5 {[%emt 0:00:14]} 20. Qxf6 {[%emt 0:00:02]} Nxf6 {[%emt 0:00:01]} 21. Ne3 {[%emt 0:00:05]} h6 {[%emt 0:00:32]} 22. Kd2 {[%emt 0:00:03]} Rfc8 {[%emt 0:00:07]} 23. Rhb1 {[%emt 0:00:07]} Kf8 {[%emt 0:00:22]} 24. b4 {[%emt 0:00:07]} Ke7 {[%emt 0:00:25]} 25. f3 {[%emt 0:00:03]} Ne8 {[%emt 0:00:28]} 26. Bd1 {[%emt 0:01:10]} Kd8 {[%emt 0:01:12]} 27. Ba4 {[%emt 0:00:41]} Bxa4 {[%emt 0:00:04]} 28. Nxa4 {[%emt 0:00:02]} Ng7 {[%emt 0:00:42]} 29. b5 {[%emt 0:00:12]} Nc7 {[%emt 0:00:02]} 30. b6 {[%emt 0:00:01]} axb6 {[%emt 0:00:04]} 31. Nxb6 {[%emt 0:00:01]} Na6 {[%emt 0:00:08]} 32. Nxc8 {[%emt 0:00:04]} Kxc8 {[%emt 0:00:01]} 33. Rb6 {[%emt 0:00:25]} Kc7 {[%emt 0:00:03]} 34. Rab1 {[%emt 0:00:01]} f6 {[%emt 0:00:02]} 35. R1b5 {[%emt 0:00:16]} 1-0

[Event "EIRCC 2019"]
[Site "Tallinn"]
[Date "2019.12.06"]
[Round "12.10"]
[White "Stupak, Kirill"]
[Black "Studer, Noel"]
[Result "1-0"]
[WhiteElo "2552"]
[BlackElo "2405"]
[Annotator "ChessBase"]
[PlyCount "45"]
[EventDate "2019.12.05"]
[EventType "swiss"]
[EventCountry "EST"]
[SourceTitle "playchess.com"]
[Source "ChessBase"]
[SourceQuality "1"]
[TimeControl "900+10"]

1. d4 {[%emt 0:00:00]} d5 {[%emt 0:00:00]} 2. Nf3 {[%emt 0:00:00]} Nf6 {[%emt 0:00:00]} 3. g3 {[%emt 0:00:00]} c5 {[%emt 0:00:00]} 4. c4 {[%emt 0:00:06]} dxc4 {[%emt 0:01:31]} 5. Qa4+ {[%emt 0:00:01]} Nc6 {[%emt 0:00:01]} 6. dxc5 {[%emt 0:00:01]} e6 {[%emt 0:03:49]} 7. Qxc4 {[%emt 0:02:29]} Qa5+ {[%emt 0:00:01]} 8. Nc3 {[%emt 0:00:06]} Qxc5 {[%emt 0:00:40]} 9. Qa4 {[%emt 0:02:47]} Bd7 {[%emt 0:00:26]} 10. Bg2 {[%emt 0:00:24]} Nb4 {[%emt 0:00:59]} 11. Qb3 {[%emt 0:00:30]} Bc6 {[%emt 0:00:32]} 12. a3 {[%emt 0:03:46]} Nbd5 {[%emt 0:00:25]} 13. Ne5 {[%emt 0:00:01]} Nxc3 {[%emt 0:04:01]} 14. Nxc6 {[%emt 0:00:02]} bxc6 {[%emt 0:03:46]} 15. Be3 {[%emt 0:03:10]} Qd6 {[%emt 0:00:35]} 16. Qb7 {[%emt 0:00:04]} Rd8 {[%emt 0:00:24]} 17. Bxc6+ {[%emt 0:00:50]} Nd7 {[%emt 0:00:13]} 18. bxc3 {[%emt 0:00:01]} Qe5 {[%emt 0:00:18]} 19. O-O {[%emt 0:01:06]} Bd6 {[%emt 0:00:12]} 20. Bf4 {[%emt 0:00:22]} Qc5 {[%emt 0:00:05]} 21. Bxd6 {[%emt 0:00:01]} Qxd6 {[%emt 0:00:01]} 22. Rfd1 {[%emt 0:00:01]} Qe7 {[%emt 0:00:04]} 23. Rxd7 {[%emt 0:00:11]} 1-0

[Event "EIRCC 2019"]
[Site "Tallinn"]
[Date "2019.12.06"]
[Round "12.11"]
[White "Belyakov, Bogdan"]
[Black "Mickevicius, Juras"]
[Result "1/2-1/2"]
[WhiteElo "2520"]
[BlackElo "2288"]
[Annotator "TA"]
[PlyCount "61"]
[EventDate "2019.12.05"]
[EventType "swiss"]
[EventCountry "EST"]
[SourceTitle "playchess.com"]
[Source "ChessBase"]
[SourceQuality "1"]

{[%evp 28,61,47,8,69,69,42,30,57,3,4,5,9,5,8,7,16,12,12,14,19,1,7,0,0,0,0,0,0,0,0,-6,0,0,0,0]} 1. e4 c6 2. d4 d5 3. exd5 cxd5 4. c4 Nf6 5. Nc3 e6 6. Nf3 Be7 7. cxd5 Nxd5 8. Bd3 Nc6 9. O-O O-O 10. Re1 Bf6 11. Be4 Nce7 12. Ne5 g6 13. Bh6 Bg7 14. Bxg7 Kxg7 15. Qf3 (15. Qd2 {is more complex.} Bd7 16. Ng4 Kh8 17. Nxd5 Nxd5 18. Rac1) 15... Rb8 {D42: Queen's Gambit Declined: Semi-Tarrasch: 5 cxd5 Nxd5 6 e3 Nc6 7 Bd3} (15... Qb6 $11) (15... b6 16. Bxd5 Nxd5 17. Nxd5 Qxd5 18. Qxd5 exd5 19. Rac1 Be6 20. Rc7 Rfc8 21. Rec1 Rxc7 22. Rxc7 Rc8 {½-½ (22) Frolyanov,D (2497)-Sakaev,K (2637) Sochi 2006}) 16. Bxd5 $146 ({Predecessor:} 16. Qg3 Qd6 17. Bxd5 exd5 18. Rad1 Nf5 19. Qf4 Be6 20. g4 Nh4 21. Rd3 Qd8 22. g5 Nf5 23. Ng4 {1-0 (34) King,D (2435)-Conquest,S (2350) Edinburgh 1985}) 16... Nxd5 17. Nxd5 (17. Rad1 {with more complications.} f6 18. Nd3 b6 19. Nxd5 Qxd5 20. Qxd5 exd5 21. Nf4) 17... Qxd5 {White has an edge.} 18. Qxd5 (18. Rac1 $14) 18... exd5 $11 {The position is equal.} 19. Rac1 Be6 20. f3 Rbc8 21. Kf2 Rxc1 22. Rxc1 Rc8 23. Rxc8 Bxc8 {[%mdl 4096] Endgame KB-KN} 24. Ke3 Kf6 25. h4 h6 26. f4 h5 27. g3 Bf5 28. b4 Ke6 29. a3 f6 30. Nf3 $1 b6 31. Nd2 {Accuracy: White = 46%, Black = 41%.} 1/2-1/2

[Event "EIRCC 2019"]
[Site "Tallinn"]
[Date "2019.12.06"]
[Round "12.12"]
[White "Kozak, Adam"]
[Black "Lintchevski, Daniil"]
[Result "1/2-1/2"]
[WhiteElo "2240"]
[BlackElo "2515"]
[Annotator "ChessBase"]
[PlyCount "109"]
[EventDate "2019.12.05"]
[EventType "swiss"]
[EventCountry "EST"]
[SourceTitle "playchess.com"]
[Source "ChessBase"]
[SourceQuality "1"]
[TimeControl "900+10"]

1. Nf3 {[%emt 0:00:00]} d5 {[%emt 0:00:00]} 2. g3 {[%emt 0:00:00]} Bg4 {[%emt 0:00:07]} 3. Bg2 {[%emt 0:00:00]} Nd7 {[%emt 0:00:19]} 4. h3 {[%emt 0:00:14]} Bh5 {[%emt 0:00:06]} 5. d4 {[%emt 0:00:01]} c6 {[%emt 0:00:24]} 6. O-O {[%emt 0:00:05]} e6 {[%emt 0:00:04]} 7. c4 {[%emt 0:00:01]} Bxf3 {[%emt 0:01:26]} 8. Bxf3 {[%emt 0:00:07]} Ngf6 {[%emt 0:00:02]} 9. b3 {[%emt 0:01:43]} Be7 {[%emt 0:00:12]} 10. Bb2 {[%emt 0:00:04]} O-O {[%emt 0:00:03]} 11. Nc3 {[%emt 0:00:26]} Re8 {[%emt 0:00:11]} 12. Bg2 {[%emt 0:00:16]} Qa5 {[%emt 0:00:58]} 13. e3 {[%emt 0:01:54]} Ba3 {[%emt 0:00:46]} 14. Qc1 {[%emt 0:00:03]} Bxb2 {[%emt 0:00:23]} 15. Qxb2 {[%emt 0:00:03]} Qb4 {[%emt 0:00:09]} 16. a3 {[%emt 0:00:13]} Qe7 {[%emt 0:00:02]} 17. Rfd1 {[%emt 0:00:57]} a5 {[%emt 0:00:08]} 18. Rac1 {[%emt 0:02:55]} h6 {[%emt 0:00:10]} 19. Ne2 {[%emt 0:00:41]} Reb8 {[%emt 0:01:08]} 20. Nf4 {[%emt 0:00:23]} a4 {[%emt 0:00:02]} 21. b4 {[%emt 0:00:32]} Nb6 {[%emt 0:00:22]} 22. Bf1 {[%emt 0:00:57]} dxc4 {[%emt 0:00:34]} 23. Bxc4 {[%emt 0:00:05]} Nxc4 {[%emt 0:00:05]} 24. Rxc4 {[%emt 0:00:04]} Ne4 {[%emt 0:00:19]} 25. Rcc1 {[%emt 0:00:40]} Nd6 {[%emt 0:00:13]} 26. Ne2 {[%emt 0:00:13]} Rd8 {[%emt 0:00:43]} 27. Rc5 {[%emt 0:00:49]} Ne4 {[%emt 0:00:21]} 28. Rcc1 {[%emt 0:00:02]} Qg5 {[%emt 0:01:12]} 29. Qc2 {[%emt 0:01:14]} Qf5 {[%emt 0:01:20]} 30. Nf4 {[%emt 0:00:01]} Nd6 {[%emt 0:00:26]} 31. Qxf5 {[%emt 0:00:29]} exf5 {[%emt 0:00:02]} 32. Rd3 {[%emt 0:00:39]} Nb5 {[%emt 0:00:27]} 33. Rc5 {[%emt 0:00:44]} g6 {[%emt 0:00:01]} 34. Kg2 {[%emt 0:00:30]} Rd6 {[%emt 0:00:26]} 35. Ne2 {[%emt 0:00:42]} h5 {[%emt 0:00:33]} 36. h4 {[%emt 0:00:03]} Kg7 {[%emt 0:00:33]} 37. Ng1 {[%emt 0:00:03]} Rad8 {[%emt 0:00:30]} 38. Nf3 {[%emt 0:00:07]} Rd5 {[%emt 0:00:34]} 39. Rc1 {[%emt 0:00:08]} Nd6 {[%emt 0:00:43]} 40. Nd2 {[%emt 0:00:08]} Kf8 {[%emt 0:00:34]} 41. Nc4 {[%emt 0:00:13]} Nxc4 {[%emt 0:00:06]} 42. Rxc4 {[%emt 0:00:01]} Ke7 {[%emt 0:00:05]} 43. Kf3 {[%emt 0:00:18]} R8d6 {[%emt 0:00:08]} 44. Rdc3 {[%emt 0:00:02]} Kd7 {[%emt 0:00:12]} 45. Rc5 {[%emt 0:00:31]} b6 {[%emt 0:00:16]} 46. R5c4 {[%emt 0:00:03]} Rb5 {[%emt 0:00:17]} 47. Rc2 {[%emt 0:00:08]} Re6 {[%emt 0:00:05]} 48. Rc1 {[%emt 0:00:39]} Kc7 {[%emt 0:00:09]} 49. Ke2 {[%emt 0:00:05]} Kd7 {[%emt 0:00:09]} 50. Kd3 {[%emt 0:00:02]} Rd6 {[%emt 0:00:12]} 51. R4c3 {[%emt 0:00:47]} Re6 {[%emt 0:00:06]} 52. R3c2 {[%emt 0:01:12]} Rd5 {[%emt 0:00:10]} 53. Rc4 {[%emt 0:00:17]} Rb5 {[%emt 0:00:01]} 54. R1c2 {[%emt 0:00:32]} Rd6 {[%emt 0:00:14]} 55. R4c3 {[%emt 0:00:41]} 1/2-1/2

[Event "EIRCC 2019"]
[Site "Tallinn"]
[Date "2019.12.06"]
[Round "12.13"]
[White "Dordzhieva, Dinara"]
[Black "Kanep, Meelis"]
[Result "1-0"]
[WhiteElo "2310"]
[BlackElo "2466"]
[Annotator "ChessBase"]
[PlyCount "99"]
[EventDate "2019.12.05"]
[EventType "swiss"]
[EventCountry "EST"]
[SourceTitle "playchess.com"]
[Source "ChessBase"]
[SourceQuality "1"]
[TimeControl "900+10"]

1. Nf3 {[%emt 0:00:00]} Nf6 {[%emt 0:00:00]} 2. c4 {[%emt 0:00:00]} d6 {[%emt 0:00:16]} 3. d4 {[%emt 0:00:00]} g6 {[%emt 0:00:07]} 4. g3 {[%emt 0:00:09]} Bg7 {[%emt 0:00:04]} 5. Bg2 {[%emt 0:00:02]} O-O {[%emt 0:00:05]} 6. Nc3 {[%emt 0:00:02]} c6 {[%emt 0:00:03]} 7. O-O {[%emt 0:00:05]} Qb6 {[%emt 0:00:02]} 8. e3 {[%emt 0:00:14]} Re8 {[%emt 0:00:27]} 9. b3 {[%emt 0:01:22]} e5 {[%emt 0:00:03]} 10. dxe5 {[%emt 0:00:14]} dxe5 {[%emt 0:00:03]} 11. Bb2 {[%emt 0:00:14]} Bf5 {[%emt 0:00:29]} 12. Ng5 {[%emt 0:00:22]} e4 {[%emt 0:01:28]} 13. Qd6 {[%emt 0:05:13]} h6 {[%emt 0:02:16]} 14. Na4 {[%emt 0:01:31]} Qd8 {[%emt 0:00:09]} 15. Qxd8 {[%emt 0:02:24]} Rxd8 {[%emt 0:00:02]} 16. Nh3 {[%emt 0:00:01]} Na6 {[%emt 0:00:28]} 17. Nf4 {[%emt 0:00:20]} b5 {[%emt 0:01:10]} 18. cxb5 {[%emt 0:00:57]} cxb5 {[%emt 0:00:02]} 19. Nc3 {[%emt 0:00:01]} Rd2 {[%emt 0:00:20]} 20. Rab1 {[%emt 0:00:29]} g5 {[%emt 0:00:30]} 21. Nh3 {[%emt 0:00:36]} b4 {[%emt 0:03:12]} 22. Nb5 {[%emt 0:01:01]} Nc5 {[%emt 0:02:19]} 23. Rfd1 {[%emt 0:01:01]} Rxd1+ {[%emt 0:00:11]} 24. Rxd1 {[%emt 0:00:01]} Nd3 {[%emt 0:00:02]} 25. Bd4 {[%emt 0:00:09]} Rc8 {[%emt 0:01:06]} 26. Nd6 {[%emt 0:00:07]} Bxh3 {[%emt 0:00:03]} 27. Bxh3 {[%emt 0:01:14]} Rc2 {[%emt 0:00:14]} 28. Rf1 {[%emt 0:00:31]} Rxa2 {[%emt 0:01:06]} 29. Bf5 {[%emt 0:00:49]} Rd2 {[%emt 0:00:50]} 30. Bxf6 {[%emt 0:00:13]} Nc5 {[%emt 0:01:00]} 31. Bxg7 {[%emt 0:00:35]} Rxd6 {[%emt 0:00:07]} 32. Bd4 {[%emt 0:00:04]} Nxb3 {[%emt 0:00:05]} 33. Bxa7 {[%emt 0:00:09]} Nd2 {[%emt 0:00:18]} 34. Rc1 {[%emt 0:00:15]} b3 {[%emt 0:00:59]} 35. Bd4 {[%emt 0:00:03]} Nf3+ {[%emt 0:01:01]} 36. Kg2 {[%emt 0:00:02]} Nxd4 {[%emt 0:00:01]} 37. exd4 {[%emt 0:00:02]} Rxd4 {[%emt 0:00:03]} 38. Rc8+ {[%emt 0:00:16]} Kg7 {[%emt 0:00:01]} 39. Rb8 {[%emt 0:00:01]} Kf6 {[%emt 0:00:16]} 40. g4 {[%emt 0:00:02]} h5 {[%emt 0:00:10]} 41. h3 {[%emt 0:00:04]} hxg4 {[%emt 0:00:17]} 42. hxg4 {[%emt 0:00:01]} Ke5 {[%emt 0:00:15]} 43. Rxb3 {[%emt 0:00:02]} Kf4 {[%emt 0:00:04]} 44. Rb7 {[%emt 0:00:03]} Rd2 {[%emt 0:00:21]} 45. Rb4 {[%emt 0:00:09]} Re2 {[%emt 0:00:05]} 46. Rc4 {[%emt 0:00:34]} Re1 {[%emt 0:00:07]} 47. Ra4 {[%emt 0:00:03]} f6 {[%emt 0:00:10]} 48. Rb4 {[%emt 0:00:31]} Re2 {[%emt 0:00:05]} 49. Rc4 {[%emt 0:00:00]} Rxf2+ {[%emt 0:00:07]} 50. Kxf2 {[%emt 0:00:04]} 1-0

[Event "EIRCC 2019"]
[Site "Tallinn"]
[Date "2019.12.06"]
[Round "12.14"]
[White "Usmanov, Vasily"]
[Black "Lazavik, Denis"]
[Result "1-0"]
[WhiteElo "2428"]
[BlackElo "2201"]
[Annotator "NA"]
[PlyCount "87"]
[EventDate "2019.12.05"]
[EventType "swiss"]
[EventCountry "EST"]
[SourceTitle "playchess.com"]
[Source "ChessBase"]
[SourceQuality "1"]
[TimeControl "900+10"]

1. Nf3 {[%emt 0:00:00]} Nf6 {[%emt 0:00:00]} 2. c4 {[%emt 0:00:00]} c6 {[%emt 0:00:00]} 3. d4 {[%emt 0:00:00]} d5 {[%emt 0:00:00]} 4. cxd5 {[%emt 0:00:00]} cxd5 {[%emt 0:00:04]} 5. Nc3 {[%emt 0:00:00]} Nc6 {[%emt 0:00:02]} 6. Bf4 {[%emt 0:00:00]} Bf5 {[%emt 0:00:03]} 7. e3 {[%emt 0:00:03]} e6 {[%emt 0:00:02]} 8. Qb3 {[%emt 0:00:08]} Bb4 {[%emt 0:00:03]} 9. Ne5 {[%emt 0:00:04]} Bxc3+ {[%emt 0:00:47]} 10. bxc3 {[%emt 0:00:13]} O-O {[%emt 0:00:10]} 11. Be2 {[%emt 0:01:41]} Rc8 {[%emt 0:00:08]} 12. Nxc6 {[%emt 0:00:47]} Rxc6 {[%emt 0:00:29]} 13. O-O {[%emt 0:00:33]} Qc8 {[%emt 0:02:06]} 14. Rfc1 {[%emt 0:01:45]} Ne4 {[%emt 0:00:12]} 15. c4 {[%emt 0:01:12]} Nd2 {[%emt 0:00:17]} 16. Qa3 {[%emt 0:01:14]} Nxc4 {[%emt 0:01:38]} 17. Qxa7 {[%emt 0:00:31]} b5 {[%emt 0:01:08]} 18. Qe7 {[%emt 0:01:28]} Qa6 {[%emt 0:01:04]} 19. h4 {[%emt 0:00:33]} h6 {[%emt 0:00:52]} 20. g4 {[%emt 0:00:12]} Bh7 {[%emt 0:00:04]} 21. g5 {[%emt 0:00:04]} hxg5 {[%emt 0:00:07]} 22. hxg5 {[%emt 0:00:32]} Rcc8 {[%emt 0:02:53]} 23. Kg2 {[%emt 0:00:13]} Rce8 {[%emt 0:00:14]} 24. Qb4 {[%emt 0:00:20]} f6 {[%emt 0:00:25]} 25. a4 {[%emt 0:04:25]} e5 {[%emt 0:00:53]} 26. axb5 {[%emt 0:00:15]} Qe6 {[%emt 0:00:01]} 27. Ra6 {[%emt 0:00:19]} Qf5 {[%emt 0:00:18]} 28. Bg3 {[%emt 0:01:53]} exd4 {[%emt 0:01:07]} 29. Bxc4 {[%emt 0:00:36]} dxe3 {[%emt 0:00:04]} 30. g6 {[%emt 0:00:16]} Bxg6 {[%emt 0:00:15]} 31. Bb3 {[%emt 0:00:15]} Bh5 {[%emt 0:01:06]} 32. Qf4 {[%emt 0:00:10]} Qd3 {[%emt 0:00:00]} 33. Rh1 {[%emt 0:00:25]} e2 {[%emt 0:01:04]} 34. Rxh5 {[%emt 0:00:20]} e1=Q {[%emt 0:00:46]} 35. Bxd5+ {[%emt 0:00:01]} Rf7 {[%emt 0:00:01]} 36. Kh2 {[%emt 0:00:19]} Qed1 {[%emt 0:00:59]} 37. Qh4 {[%emt 0:00:08]} Qxg3+ {[%emt 0:01:04]} 38. Kxg3 {[%emt 0:00:08]} Qg1+ {[%emt 0:00:40]} 39. Kh3 {[%emt 0:00:03]} Qf1+ {[%emt 0:00:08]} 40. Kh2 {[%emt 0:00:01]} Kf8 {[%emt 0:00:12]} 41. Qb4+ {[%emt 0:00:09]} Kg8 {[%emt 0:00:02]} 42. Bxf7+ {[%emt 0:00:22]} Kxf7 {[%emt 0:00:01]} 43. Ra7+ {[%emt 0:00:01]} Kg8 {[%emt 0:00:10]} 44. Qb3+ {[%emt 0:00:05]} 1-0

[Event "EIRCC 2019"]
[Site "Tallinn"]
[Date "2019.12.06"]
[Round "12.15"]
[White "Demidov, Mikhail"]
[Black "D`costa, Lorin"]
[Result "1-0"]
[WhiteElo "2635"]
[BlackElo "2407"]
[Annotator "TA"]
[PlyCount "47"]
[EventDate "2019.12.05"]
[EventType "swiss"]
[EventCountry "EST"]
[SourceTitle "playchess.com"]
[Source "ChessBase"]
[SourceQuality "1"]

{[%evp 9,47,0,29,24,28,0,21,-14,-5,-8,0,-3,0,-12,0,0,0,0,0,-16,0,0,0,0,-7,-10,-2,-31,-26,-31,-27,-35,-25,-45,-31,-83,558,565,761,326]} 1. Nc3 c5 2. Nf3 d6 3. g3 Nc6 4. d4 cxd4 5. Nxd4 Bd7 6. Bg2 {A00: Irregular Openings} Nf6 7. O-O g6 8. Nb3 {The position is equal.} Bg7 9. a4 (9. h3 O-O 10. Bg5 h6 11. Be3 Kh7 12. a4 Rc8 13. a5 a6 14. Bb6 Qe8 15. Kh2 {0-1 (35) Bauer,C (2630)-Van Wely,L (2654) Rabat 2014}) 9... O-O 10. a5 Rb8 11. Bg5 $146 ({Predecessor:} 11. h3 Be6 12. Be3 Bxb3 13. cxb3 Nxa5 14. b4 Nc4 15. Bxa7 Rc8 16. Bxb7 Rc7 {1-0 (29) Schmid,T (2268)-Richter,S (2252) Dresden 2010}) 11... b5 12. axb6 axb6 13. Qd2 b5 14. Bh6 Qb6 15. Bxg7 Kxg7 16. Nd5 Nxd5 17. Bxd5 Ne5 18. Rfd1 Rfc8 19. Nd4 Rc5 20. Bg2 b4 21. Qe3 Rc7 22. Qg5 (22. Ra8 $15) 22... Be8 $2 {[%mdl 8192]} (22... Ng4 $17 {...e5 is the strong threat.} 23. Qxe7 Re8) 23. Nf5+ $1 $18 {[%mdl 64] Double Attack} Kh8 {[#]} 24. Nxe7 {Accuracy: White = 17%, Black = 34%.} (24. Rxd6 $142 $1 {[%mdl 512]} Bc6 (24... exd6 25. Qf6+) 25. Nxe7 {[%mdl 64] Discovered Attack}) 1-0